Question manual for use with the National encyclopedia, (Record no. 17252)

MARC details
000 -LEADER
fixed length control field 00750cam a22002051 4500
001 - CONTROL NUMBER
control field ca 34000220
003 - CONTROL NUMBER IDENTIFIER
control field DLC
005 - DATE AND TIME OF LATEST TRANSACTION
control field 20260227111130.0
008 - FIXED-LENGTH DATA ELEMENTS--GENERAL INFORMATION
fixed length control field 810717s1933 nyu 000 0 eng
010 ## - LIBRARY OF CONGRESS CONTROL NUMBER
LC control number ca 34000220
035 ## - SYSTEM CONTROL NUMBER
System control number (OCoLC)7595053
040 ## - CATALOGING SOURCE
Original cataloging agency DLC
Transcribing agency CU-I
Modifying agency DLC
042 ## - AUTHENTICATION CODE
Authentication code premarc
050 00 - LIBRARY OF CONGRESS CALL NUMBER
Classification number AE5
Item number .N2781 1933
130 4# - MAIN ENTRY--UNIFORM TITLE
Uniform title The National encyclopedia.
245 10 - TITLE STATEMENT
Title Question manual for use with the National encyclopedia,
Statement of responsibility, etc. editor in chief, Henry Suzzallo ... a list of three thousand five hundred interesting questions, classified according to subjects, affording a course of home study.
260 ## - PUBLICATION, DISTRIBUTION, ETC.
Place of publication, distribution, etc. New York,
Name of publisher, distributor, etc. P.F. Collier & son company
Date of publication, distribution, etc. [c1933]
300 ## - PHYSICAL DESCRIPTION
Extent 80 p.
Dimensions 26 cm.
700 1# - ADDED ENTRY--PERSONAL NAME
Personal name Suzzallo, Henry,
Dates associated with a name 1875-1933,
Relator term ed.

No items available.

Powered by Koha